00349pab a2200133 454500008004000000100002100040245003200061260000900093300001400102362001100116650003100127650002300158773003400181180718b2007 xxu||||| |||| 00| 0 eng d aRao, Ch Sabasvia aBridging the telecom divide c2007 ap.209-11. a20 Jan aTelecommunications - India aTelecommunications aEconomic and Political Weekly